Normal view
MARC view
- Riaz, Hafiz Hamza
Entry Personal Name
001 - CONTROL NUMBER
- control field: 119698
003 - CONTROL NUMBER IDENTIFIER
- control field: NUST
005 - DATE AND TIME OF LATEST TRANSACTION
- control field: 20231213111550.0
008 - FIXED-LENGTH DATA ELEMENTS
- fixed length control field: 231213|| aca||aabn | a|a d
040 ## - CATALOGING SOURCE
- Original cataloging agency: NUST
- Transcribing agency: NUST
100 ## - HEADING--PERSONAL NAME
- Personal name: Riaz, Hafiz Hamza
670 ## - SOURCE DATA FOUND
- Source citation: Work cat.: (NUST): Riaz, Hafiz Hamza , Age-Specific Study of Airflow Distribution, Aerosol Transport and Deposition in an Unhealthy Human Lung using CFD-DPM Approach /
